000 00515nam a2200181Ia 4500
005 20250326124657.0
008 250326s9999 xx 000 0 und d
037 _aTextbook
040 _aFMSL
_beng
_cFMSL
041 _aeng
_2eng
084 _aX:87 K51
_qFMSL
100 _aKellogg M S
_9737626
245 0 _aWhat to do about performance appraisal
_cKellogg M S
260 _aNY
_bNY, American Management Association
_c1965
300 _a220p
942 _cTB
_hX:87 K51
999 _c1274712
_d1274712